ZSD SR je zakladajúcim členom Európskej federácie nábytkárskeho priemyslu

Bibliographic Details
Main Author: Zemaník, Peter (Author)
Format: Article
Language:Slovak
PhysicalDescription:Fotogr.
ISSN:1335-7018
Subjects:

MARC

LEADER 00000nab a2200000 a 4500
001 vtls009145097
003 SK-MaSNL
005 20260304152140.0
008 250506c2007 xo |||||||||||000 b|slo
015 |a SNBRB2007/10  |2 snkbucl 
035 |a (uuid)5d8ce05b-7563-4312-b03d-8275e869c4d5 
035 |a urn:nbn:sk:snk-ab9fdc 
035 |a (urnnbn)urn:nbn:sk:snk:ar-a08cey 
038 |a SNKBUCL 
040 |a SNKBUCL  |b slo  |c SNKBUCL  |e AACR2 
041 0 |a slo 
044 |a xo  |c SK 
080 |a 674:061.25  |x (437.6)  |2 1997 
100 1 |a Zemaník, Peter  |4 aut  |9 281724 
245 1 0 |a ZSD SR je zakladajúcim členom Európskej federácie nábytkárskeho priemyslu  |c Peter Zemaník 
300 |b Fotogr. 
610 2 7 |a Zväz spracovateľov dreva Slovenskej republiky  |2 snkbucl  |9 1064620 
648 7 |a jún 2007  |2 snkbucl  |9 1033103 
773 0 |t Stolársky magazín  |g Roč. 8, č. 7-8 (2007), s. 80  |x 1335-7018 
850 |a Slovenská národná knižnica 
852 |a Slovenská národná knižnica 
954 |a odborná, vedecká literatúra pôvodná (slovenská)  |2 lita 
958 |a article13 
958 |a OND 
958 |a SK 
958 |a EUIPO 
999 |c 2947457  |d 2949387